| 000 | 00408nam a2200157Ia 4500 | ||
|---|---|---|---|
| 008 | 230312s9999||||xx |||||||||||||| ||und|| | ||
| 020 | _a1-84112-255-6 | ||
| 082 |
_a658.403 _bFIT |
||
| 100 | _aFitzgerald,Stephen P. | ||
| 245 | 0 | _aDecision Making | |
| 260 |
_bCapstone Publishing _aUK _c2002 |
||
| 300 | _a140 | ||
| 546 | _aEng. | ||
| 650 |
_aManagement _vIntroduction , what is Decision Making |
||
| 942 | _cBK | ||
| 999 |
_c670 _d670 |
||